00486nam a2200169 a 45000010005000000030009000050080041000140400028000550820016000831000035000992450027001342500007001612600038001683000013002065000085002196500012003046890CO-ViMGA141112s2004 ck r 000 u spa d aCO-ViMGAbspacCO-ViMGA04aR635.7 V4551 aVillarios Moradillo, Jose Luis10aAtlas de malas hierbas a2a aMadrid : bMundi - prensa, c1992 a2 v : il aContenido : V.1, Control de malas hierbas; V.2, Guía aplicada de hervicidas. 14aHIERBAS